France Fixtures Rugby Teams Sudden Death - Statistics

General Stats
  • This quiz has been taken 13 times
    12 since last reset
  • The average score is 1 of 7
Answers on the Grid
Answers color-coded by a green-red scale on the quiz's grid according to % correct below.
13-43
57-3
43-43
43-0
32-32
24-73
31-56
35-16
23-93
47-56
34-52
68-32
72-26
25-26
24-13
56-32
34-7
28-5
27-42
12-45
23-45
53-25
72-63
21-72
25-24
12-70
10-19
34-21
45-32
57-12
 
Answer Stats
Answer % Correct
25-26
43%
35-16
43%
43-0
29%
24-73
14%
34-21
14%
21-72
0%
27-42
0%
No matching quizzes found
Score Distribution
Percent of People with Each Score
Percentile by Number Answered
Your Score History
You have not taken this quiz since the last reset